[Event "34.Festival - Magistrale"]
[Site "Robecchetto con Induno ITA"]
[Date "2022.12.27"]
[Round "3.1"]
[White "Angelini, Marco"]
[Black "Gonella, Daniele"]
[Result "1-0"]
[WhiteElo "2212"]
[BlackElo "2084"]
[PlyCount "61"]
[EventDate "2022.12.26"]

1. g3 d5 2. Nf3 Nf6 3. Bg2 e6 4. b3 Be7 5. Bb2 b6 6. c4 Bb7 7. O-O O-O 8. Nc3
Nbd7 9. d3 c5 10. e3 a6 11. Qe2 Qc7 12. Rac1 Rac8 13. Nh4 dxc4 14. bxc4 Bxg2
15. Nxg2 Rfd8 16. f4 Nb8 17. Rcd1 Nc6 18. f5 Rd6 19. fxe6 fxe6 20. g4 Rdd8 21.
Nf4 Qd7 22. g5 Ne8 23. Ne4 Nd6 24. g6 h6 25. Bxg7 Nxe4 26. dxe4 Qe8 27. Qh5 Bg5
28. Rxd8 Rxd8 29. Bxh6 Bf6 30. Bg5 Qe7 31. Bxf6 1-0

[Event "34.Festival - Magistrale"]
[Site "Robecchetto con Induno ITA"]
[Date "2022.12.27"]
[Round "3.2"]
[White "Valtemara, Mattia Angelo"]
[Black "Pegno, Mattia"]
[Result "0-1"]
[WhiteElo "2018"]
[BlackElo "2178"]
[PlyCount "124"]
[EventDate "2022.12.26"]

1. e4 e5 2. Nf3 Nc6 3. Bc4 Nf6 4. d3 h6 5. Nbd2 d6 6. c3 g6 7. O-O Bg7 8. Bb3
O-O 9. Re1 Qe7 10. Nf1 Nd8 11. Ng3 Ne6 12. d4 Nd7 13. Qd3 c5 14. dxe5 dxe5 15.
Be3 b6 16. Rad1 Rd8 17. Qd6 Qxd6 18. Rxd6 Ndf8 19. Rxd8 Nxd8 20. Rd1 Bg4 21.
Kf1 Bxf3 22. gxf3 Nde6 23. Rd6 h5 24. Ne2 Bf6 25. Kg2 Kg7 26. f4 Rd8 27. Rxd8
Nxd8 28. fxe5 Bxe5 29. f4 Bc7 30. Kf3 f6 31. h4 Nd7 32. Bd5 Kf8 33. Ng3 Nf7 34.
f5 Bxg3 35. Kxg3 gxf5 36. exf5 Nd6 37. Be6 Ne5 38. Bf4 Ke7 39. Kg2 Nd3 40.
Bxd6+ Kxd6 41. Bf7 Ke5 42. Kf3 Kxf5 43. Bxh5 Nxb2 44. Bf7 Na4 45. c4 Nc3 46. a3
Nb1 47. a4 Nc3 48. Be8 a5 49. h5 Kg5 50. Ke3 f5 51. Bc6 Kxh5 52. Kd3 Na2 53.
Ke3 Kg5 54. Bd7 Nb4 55. Bc8 Nc2+ 56. Kf3 Nd4+ 57. Ke3 Kf6 58. Kf4 Ne6+ 59. Kf3
Ke5 60. Bd7 Nd4+ 61. Ke3 f4+ 62. Kf2 Ke4 0-1

[Event "34.Festival - Magistrale"]
[Site "Robecchetto con Induno ITA"]
[Date "2022.12.27"]
[Round "3.3"]
[White "Mrdja, Milan"]
[Black "Dobboletta, Alex"]
[Result "1-0"]
[WhiteElo "2146"]
[BlackElo "2134"]
[PlyCount "35"]
[EventDate "2022.12.26"]

1. e4 e6 2. d4 d5 3. Nc3 Nf6 4. Bg5 dxe4 5. Nxe4 Be7 6. Bxf6 gxf6 7. Nf3 a6 8.
Bc4 b5 9. Bb3 f5 10. Ng3 c5 11. c3 Bb7 12. Qe2 c4 13. Bc2 Kf8 14. -- Rg8 15.
Rg1 Nd7 16. Qe3 Nf6 17. Qh6+ Ke8 18. Ne5 1-0

[Event "34.Festival - Magistrale"]
[Site "Robecchetto con Induno ITA"]
[Date "2022.12.27"]
[Round "3.4"]
[White "Fassio, Luca"]
[Black "Lazic, Miroljub"]
[Result "0-1"]
[WhiteElo "2010"]
[BlackElo "2320"]
[PlyCount "82"]
[EventDate "2022.12.26"]

1. e4 e5 2. Nf3 Nc6 3. Bc4 Bc5 4. c3 Nf6 5. d3 a6 6. Bb3 Ba7 7. O-O d6 8. Nbd2
O-O 9. h3 Nh5 10. Nc4 Qf6 11. Ne3 Nf4 12. Nd5 Nxd5 13. Bxd5 Nd8 14. Be3 Bxe3
15. fxe3 Qh6 16. Qe2 Be6 17. Bxe6 Nxe6 18. Nh2 Qh4 19. Rf2 a5 20. b3 Nc5 21.
Raf1 b5 22. Rf5 Qe7 23. Ng4 f6 24. h4 b4 25. Qc2 Kh8 26. h5 h6 27. Nh2 bxc3 28.
Nf3 Rfd8 29. Nh4 Kh7 30. Qxc3 Ne6 31. Ng6 Qd7 32. Rc1 c5 33. Qd2 d5 34. Qc2
dxe4 35. dxe4 Qb7 36. Rf2 Ng5 37. Rd2 Nxe4 38. Rxd8 Rxd8 39. Rd1 Re8 40. Qd3 f5
41. Kh2 Nf2 0-1

[Event "34.Festival - Magistrale"]
[Site "Robecchetto con Induno ITA"]
[Date "2022.12.27"]
[Round "3.5"]
[White "Volpi, Davide"]
[Black "Covello, Danilo"]
[Result "0-1"]
[WhiteElo "1941"]
[BlackElo "2073"]
[PlyCount "74"]
[EventDate "2022.12.26"]

1. Nf3 Nf6 2. g3 g6 3. b4 Bg7 4. Bb2 O-O 5. c4 c6 6. Bg2 a5 7. a3 d6 8. O-O
axb4 9. axb4 Rxa1 10. Bxa1 Qb6 11. Qa4 Be6 12. d3 Na6 13. Bc3 Ra8 14. Qa5 Qxa5
15. bxa5 Nd7 16. Bd2 Nac5 17. d4 Nb3 18. Bc3 Bxc4 19. Nbd2 Nxd2 20. Nxd2 Ba6
21. Bh3 e6 22. Rb1 d5 23. e4 Rc8 24. e5 c5 25. f4 Bf8 26. Nf3 Rc7 27. Ng5 Rc6
28. Bf1 Bxf1 29. Rxb7 cxd4 30. Bxd4 Rc1 31. Kf2 Nc5 32. Rb8 Kg7 33. Nf3 Ne4+
34. Ke3 Rd1 35. Rb3 Bc4 36. Rb6 Rd3+ 37. Ke2 Rxd4+ 0-1

[Event "34.Festival - Magistrale"]
[Site "Robecchetto con Induno ITA"]
[Date "2022.12.27"]
[Round "3.6"]
[White "Zacco, Remo"]
[Black "Brugo, Marco"]
[Result "1/2-1/2"]
[WhiteElo "1889"]
[BlackElo "2021"]
[PlyCount "70"]
[EventDate "2022.12.26"]

1. e4 e6 2. d4 d5 3. Nd2 Nf6 4. e5 Nfd7 5. Ngf3 c5 6. c3 Nc6 7. Bd3 f6 8. Qe2
fxe5 9. Nxe5 Ndxe5 10. dxe5 g6 11. f4 c4 12. Bc2 Bc5 13. Nf3 b5 14. b4 cxb3 15.
axb3 a6 16. b4 Ba7 17. Be3 Qc7 18. Rc1 O-O 19. Bd3 Qe7 20. g3 d4 21. cxd4 Nxb4
22. Be4 Bb7 23. Bd2 Rac8 24. O-O Na2 25. Rcd1 Nc3 26. Bxc3 Rxc3 27. Ng5 Re8 28.
Bxb7 Qxb7 29. Ne4 Rec8 30. Nxc3 Rxc3 31. Rd3 Qc6 32. Rfd1 Rc2 33. R1d2 Rc1+ 34.
Rd1 Rc2 35. R1d2 Rc1+ 1/2-1/2

[Event "34.Festival - Magistrale"]
[Site "Robecchetto con Induno ITA"]
[Date "2022.12.27"]
[Round "3.7"]
[White "Di, Chiara Mauro"]
[Black "Kalosha, Zhiulien Oleksii"]
[Result "0-1"]
[WhiteElo "1874"]
[BlackElo "2011"]
[PlyCount "68"]
[EventDate "2022.12.26"]

1. Nf3 d5 2. d4 e6 3. c4 c6 4. Nc3 dxc4 5. a4 Bb4 6. e3 b5 7. Bd2 a5 8. axb5
Bxc3 9. Bxc3 cxb5 10. b3 Bb7 11. bxc4 b4 12. Bb2 Nf6 13. Be2 O-O 14. O-O Qc7
15. Ne5 Nbd7 16. f4 Rfd8 17. Nxd7 Qxd7 18. Bf3 Bxf3 19. Qxf3 a4 20. d5 exd5 21.
Bxf6 gxf6 22. Rfd1 b3 23. Rxd5 Qe7 24. Rb5 Rab8 25. Qg3+ Kh8 26. Rxa4 Rxb5 27.
cxb5 b2 28. Qe1 Qxe3+ 29. Qxe3 b1=Q+ 30. Kf2 Qc2+ 31. Kf3 Qxa4 32. Qe7 Qd1+ 33.
Kf2 Qd2+ 34. Kf3 Rd3+ 0-1

[Event "34.Festival - Magistrale"]
[Site "Robecchetto con Induno ITA"]
[Date "2022.12.27"]
[Round "3.8"]
[White "Morello, Alessio"]
[Black "Maglioni, Leonardo"]
[Result "1-0"]
[WhiteElo "1981"]
[BlackElo "1883"]
[PlyCount "71"]
[EventDate "2022.12.26"]

1. e4 c5 2. Nf3 Nc6 3. d4 cxd4 4. Nxd4 Nf6 5. Nc3 e5 6. Ndb5 d6 7. a4 a6 8. Na3
Bg4 9. Qd3 Be7 10. Bg5 Nb4 11. Qd2 O-O 12. Bc4 Rc8 13. Bxf6 Bxf6 14. Nd5 Nxd5
15. Bxd5 Qd7 16. Nc4 Bd8 17. Nxd6 Rxc2 18. Qxc2 Ba5+ 19. Kf1 Qxd6 20. h3 Bd7
21. Bxb7 Qb6 22. Bd5 Rc8 23. Qe2 Bxa4 24. Kg1 Rc2 25. Qf3 Be8 26. b3 Bc3 27.
Rf1 Bd4 28. Kh2 Qc7 29. Qd3 Bxf2 30. Bc4 Rb2 31. Rc1 Qa7 32. Rhf1 Bd4 33. Bxf7+
Qxf7 34. Rxf7 Kxf7 35. Rc7+ Kg6 36. Qg3+ 1-0

[Event "34.Festival - Magistrale"]
[Site "Robecchetto con Induno ITA"]
[Date "2022.12.27"]
[Round "3.9"]
[White "Shatil, Or"]
[Black "Ranfagni, Stefano"]
[Result "1/2-1/2"]
[WhiteElo "1779"]
[BlackElo "1934"]
[PlyCount "54"]
[EventDate "2022.12.26"]

1. e4 e5 2. Nf3 Nf6 3. Nxe5 d6 4. Nf3 Nxe4 5. c4 Be7 6. d4 d5 7. Bd3 Bb4+ 8.
Nbd2 O-O 9. O-O Nxd2 10. Bxd2 Bxd2 11. Qxd2 h6 12. cxd5 Qxd5 13. Rfe1 c6 14.
Re5 Qd6 15. Rae1 Be6 16. Bb1 Nd7 17. Qd3 Nf6 18. Nd2 Bd5 19. Nf1 Rfe8 20. Ng3
g6 21. h4 Qb4 22. Rxe8+ Rxe8 23. Rxe8+ Nxe8 24. h5 Qe1+ 25. Nf1 Bc4 26. Qxc4
Qxb1 27. hxg6 Qxg6 1/2-1/2

[Event "34.Festival - Magistrale"]
[Site "Robecchetto con Induno ITA"]
[Date "2022.12.27"]
[Round "3.10"]
[White "Elitropi, Giorgio"]
[Black "Treccozzi, Riccardo"]
[Result "1/2-1/2"]
[WhiteElo "1924"]
[BlackElo "1873"]
[PlyCount "46"]
[EventDate "2022.12.26"]

1. e4 g6 2. d4 Bg7 3. Nc3 d6 4. Nf3 a6 5. a4 b6 6. Be3 Nd7 7. Be2 Bb7 8. h3 e6
9. O-O Ne7 10. Qd2 O-O 11. Bh6 Nf6 12. Bxg7 Kxg7 13. Qe3 d5 14. e5 Ne4 15. g4
c5 16. Rad1 Nxc3 17. bxc3 Rc8 18. Ne1 Qd7 19. Rb1 Qc7 20. f4 c4 21. Nf3 Bc6 22.
Ra1 Bd7 23. g5 Nf5 1/2-1/2

[Event "34.Festival - Magistrale"]
[Site "Robecchetto con Induno ITA"]
[Date "2022.12.27"]
[Round "3.11"]
[White "Zanetti, Alberto"]
[Black "Barlocco, Carlo"]
[Result "0-1"]
[WhiteElo "1938"]
[BlackElo "1888"]
[PlyCount "160"]
[EventDate "2022.12.26"]

1. d4 Nf6 2. Nf3 c5 3. c3 e6 4. Bf4 Nc6 5. e3 Be7 6. h3 O-O 7. Nbd2 b6 8. Be2
Bb7 9. O-O Nd5 10. Bh2 f5 11. c4 Nf6 12. d5 exd5 13. cxd5 Nxd5 14. Nc4 Nf6 15.
Nd6 Bxd6 16. Bxd6 Re8 17. Bc4+ Kh8 18. Ng5 Qc8 19. Bf4 Nd8 20. Qd6 Qc6 21. Qxc6
Bxc6 22. Bd6 Ne4 23. Nxe4 fxe4 24. a4 Nb7 25. Rfd1 Nxd6 26. Rxd6 Rf8 27. Bb5
Rf6 28. Bxc6 dxc6 29. Rad1 b5 30. a5 c4 31. Rd8+ Rf8 32. R8d4 Rfe8 33. Kf1 Kg8
34. Rd7 a6 35. Ke2 Rec8 36. R1d4 Re8 37. Rc7 Re6 38. Rdd7 Rg6 39. g3 h6 40. Re7
Rd8 41. Rcd7 Rxd7 42. Rxd7 Rg5 43. Ra7 Rc5 44. Rxa6 c3 45. bxc3 Rxc3 46. Kd2 b4
47. Rb6 c5 48. a6 Ra3 49. Rc6 Ra2+ 50. Kc1 b3 51. Rxc5 Rxa6 52. Rf5 Ra2 53. h4
g6 54. Rf4 Kg7 55. Kb1 g5 56. hxg5 hxg5 57. Rf5 Kg6 58. Rf8 Kh5 59. Rf7 Kg4 60.
Rf6 Kh3 61. Rf5 Kg2 62. Rxg5 Kxf2 63. Rb5 Re2 64. Rxb3 Rxe3 65. Rb8 Rxg3 66.
Kc2 Ke2 67. Rh8 Rg2 68. Rh3 e3 69. Rh8 Kf3+ 70. Kd3 Rd2+ 71. Kc3 Rd5 72. Rf8+
Ke2 73. Re8 Kf2 74. Rf8+ Ke1 75. Kc2 e2 76. Rf7 Rc5+ 77. Kb2 Kd2 78. Rd7+ Ke3
79. Re7+ Kd3 80. Rd7+ Ke4 0-1

[Event "34.Festival - Magistrale"]
[Site "Robecchetto con Induno ITA"]
[Date "2022.12.28"]
[Round "4.1"]
[White "Pegno, Mattia"]
[Black "Angelini, Marco"]
[Result "1/2-1/2"]
[WhiteElo "2178"]
[BlackElo "2212"]
[PlyCount "154"]
[EventDate "2022.12.26"]

1. d4 g6 2. Nf3 Bg7 3. Nc3 d6 4. e4 a6 5. Be3 Nd7 6. Bc4 e6 7. a4 b6 8. h4 h6
9. d5 e5 10. h5 Ndf6 11. hxg6 fxg6 12. Qe2 Ne7 13. O-O-O g5 14. Nd2 Ng6 15. g3
Qe7 16. f3 Nd7 17. Kb1 Nc5 18. Qh2 Bd7 19. Bf1 Nxa4 20. Nxa4 Bxa4 21. Qh5 Qf6
22. Bh3 Bd7 23. Bxd7+ Kxd7 24. Qg4+ Ke8 25. Nc4 Rd8 26. Bc1 Rd7 27. Ne3 Ne7 28.
Rdf1 Qg6 29. Rh5 Rf8 30. Qh3 Kd8 31. g4 Kc8 32. Qg2 Kb7 33. Qe2 Rc8 34. Rhh1 c6
35. dxc6+ Rxc6 36. Rd1 Rc5 37. Bd2 Nc6 38. Bc3 b5 39. Qd2 Nd4 40. Bxd4 exd4 41.
Nf5 Rdc7 42. Nxg7 Qxg7 43. Qxd4 Qf8 44. Qd3 Rxc2 45. Rhf1 R2c6 46. Qd5 Qf7 47.
Rh1 Qf6 48. Rc1 Kb6 49. Rxc6+ Rxc6 50. Qd3 a5 51. Rd1 a4 52. Qe3+ Ka6 53. Rd5
Qf8 54. Qd3 Qb8 55. Rf5 Qb6 56. Rf6 Qc5 57. Rxh6 Ka5 58. Qd2+ Ka6 59. Rf6 a3
60. bxa3 Qxa3 61. e5 Qb3+ 62. Ka1 Qa4+ 63. Kb2 b4 64. Qd3+ Qb5 65. Qxb5+ Kxb5
66. exd6 Rc3 67. d7 Rd3 68. Rf5+ Kc4 69. Rxg5 Rxd7 70. Rf5 Rd2+ 71. Kc1 Rg2 72.
Re5 Rf2 73. Re8 Kd4 74. Re4+ Kc3 75. Re3+ Kd4 76. Rb3 Kc4 77. Re3 Kd4 1/2-1/2

[Event "34.Festival - Magistrale"]
[Site "Robecchetto con Induno ITA"]
[Date "2022.12.28"]
[Round "4.2"]
[White "Gonella, Daniele"]
[Black "Mrdja, Milan"]
[Result "1/2-1/2"]
[WhiteElo "2084"]
[BlackElo "2146"]
[PlyCount "124"]
[EventDate "2022.12.26"]

1. d4 c5 2. d5 e5 3. e4 d6 4. c4 Be7 5. Nf3 Nf6 6. Nc3 O-O 7. Be2 Ne8 8. Nd2
Bg5 9. Bg4 Nd7 10. O-O g6 11. Bh3 f5 12. g3 Ng7 13. Rb1 Kh8 14. a3 b6 15. b4
cxb4 16. axb4 a5 17. Nb5 Be7 18. bxa5 Rxa5 19. Ba3 Nc5 20. Bxc5 bxc5 21. Bg2
Bd7 22. Nc3 Qa8 23. Ra1 Rb8 24. Rxa5 Qxa5 25. Qa1 Bd8 26. Rc1 Kg8 27. Kf1 Ne8
28. Bh3 Kf8 29. Ke2 Qc7 30. Rb1 Rb4 31. Qa8 Bg5 32. Qa6 Bxd2 33. Kxd2 Rxb1 34.
Nxb1 fxe4 35. Bg2 Qb8 36. Qa2 Nf6 37. Nc3 Bf5 38. Nb5 Nxd5 39. Qa6 Nb6 40. Nc3
Bc8 41. Qb5 Qa8 42. Bf1 Bd7 43. Qb1 Qa5 44. Qxe4 Na4 45. Qf3+ Ke7 46. Be2 Qb4
47. Bd1 Nxc3 48. Qxc3 Be6 49. Be2 d5 50. cxd5 Bxd5 51. Bd3 e4 52. Bc2 Qd4+ 53.
Qxd4 cxd4 54. h4 Kf6 55. Bd1 h6 56. Bg4 Ke5 57. Bc8 Be6 58. Bb7 Bg4 59. Bc6 Bf3
60. Bb5 Kf6 61. Bd7 g5 62. hxg5+ hxg5 1/2-1/2

[Event "34.Festival - Magistrale"]
[Site "Robecchetto con Induno ITA"]
[Date "2022.12.28"]
[Round "4.3"]
[White "Lazic, Miroljub"]
[Black "Shatil, Shir"]
[Result "0-1"]
[WhiteElo "2320"]
[BlackElo "2051"]
[PlyCount "58"]
[EventDate "2022.12.26"]

1. g3 d5 2. Nf3 c5 3. Bg2 Nc6 4. O-O e5 5. c4 Nf6 6. d3 Be7 7. Nc3 d4 8. Na4 h6
9. e3 O-O 10. exd4 cxd4 11. Re1 Be6 12. Bd2 a5 13. Nxe5 Nxe5 14. Rxe5 Bd6 15.
Re1 Qc7 16. h3 Bd7 17. b3 Rfe8 18. Qf3 Bc6 19. Qf5 Bd7 20. Qf3 Bc6 21. Rxe8+
Rxe8 22. Qd1 Bxg3 23. fxg3 Qxg3 24. Qf1 Bxg2 25. Qxg2 Qxg2+ 26. Kxg2 Re2+ 27.
Kg1 Rxd2 28. Nc5 b6 29. Na4 Nd7 0-1

[Event "34.Festival - Magistrale"]
[Site "Robecchetto con Induno ITA"]
[Date "2022.12.28"]
[Round "4.4"]
[White "Covello, Danilo"]
[Black "Morello, Alessio"]
[Result "0-1"]
[WhiteElo "2073"]
[BlackElo "1981"]
[PlyCount "78"]
[EventDate "2022.12.26"]

1. d4 e6 2. Nf3 f5 3. g3 Nf6 4. Bg2 Be7 5. O-O O-O 6. c4 d6 7. Nc3 Ne4 8. Bd2
a5 9. Ne1 Nxd2 10. Qxd2 e5 11. Rd1 Nd7 12. dxe5 dxe5 13. Nf3 c6 14. Na4 Qe8 15.
Qe3 Bf6 16. Nc5 Nxc5 17. Qxc5 g5 18. Qe3 g4 19. Ne1 Qg6 20. Nd3 Qg7 21. b3 h5
22. Qc1 h4 23. c5 Be6 24. Nb2 f4 25. Nc4 Bg5 26. gxh4 Bxh4 27. Qc3 f3 28. Rd6
fxg2 29. Rfd1 Bxf2+ 30. Kxg2 Bd5+ 31. R1xd5 cxd5 32. Nxe5 Rf6 33. Rd7 Qg5 34.
Qd3 Qf5 35. Qxd5+ Qe6 36. Qe4 Qf5 37. Qd5+ Kh8 38. Qxb7 Raf8 39. Re7 Bh4 0-1

[Event "34.Festival - Magistrale"]
[Site "Robecchetto con Induno ITA"]
[Date "2022.12.28"]
[Round "4.5"]
[White "Kalosha, Zhiulien Oleksii"]
[Black "Valtemara, Mattia Angelo"]
[Result "1-0"]
[WhiteElo "2011"]
[BlackElo "2018"]
[PlyCount "97"]
[EventDate "2022.12.26"]

1. e4 c6 2. d4 d5 3. Nc3 dxe4 4. Nxe4 Nf6 5. Nxf6+ exf6 6. c3 Bd6 7. Bd3 Na6 8.
Qc2 h5 9. Ne2 Nc7 10. Bd2 Ne6 11. O-O-O Bd7 12. c4 Kf8 13. f4 Qc7 14. g3 Qc8
15. f5 Nc7 16. Bf4 Bxf4+ 17. Nxf4 b5 18. c5 Nd5 19. Nxd5 cxd5 20. Rde1 Qb7 21.
Qf2 Bc6 22. Re2 Re8 23. Rxe8+ Kxe8 24. Re1+ Kd8 25. Qf3 Qc7 26. Re2 a6 27. Kb1
Kc8 28. Re3 Kd8 29. Qe2 h4 30. Qg4 Rh7 31. a3 hxg3 32. hxg3 a5 33. Qe2 b4 34.
Bb5 Rh1+ 35. Ka2 Qd7 36. a4 Rc1 37. Kb3 Ra1 38. Bxc6 Qxc6 39. Qb5 Qxb5 40. axb5
Rd1 41. b6 Rxd4 42. b7 Kc7 43. Re7+ Kb8 44. c6 Re4 45. Rd7 Re8 46. Ka4 d4 47.
Kxa5 Ka7 48. Rxd4 Kb8 49. Kb6 1-0

[Event "34.Festival - Magistrale"]
[Site "Robecchetto con Induno ITA"]
[Date "2022.12.28"]
[Round "4.6"]
[White "Dobboletta, Alex"]
[Black "Zacco, Remo"]
[Result "1-0"]
[WhiteElo "2134"]
[BlackElo "1889"]
[PlyCount "99"]
[EventDate "2022.12.26"]

1. Nf3 e6 2. c4 f5 3. g3 Nf6 4. Bg2 g6 5. O-O Bg7 6. d4 O-O 7. Nc3 d6 8. Qc2 a5
9. e4 Nc6 10. exf5 Nb4 11. Qd1 exf5 12. a3 Nc6 13. Re1 Re8 14. Bg5 h6 15. Rxe8+
Qxe8 16. Bxf6 Bxf6 17. Nd5 Bd8 18. Qd2 Qf8 19. Re1 Bd7 20. Nf4 Qf6 21. d5 Ne5
22. Nxe5 dxe5 23. Nd3 e4 24. Nc5 Bc8 25. Qxh6 b6 26. Nd3 Qg5 27. Qxg5 Bxg5 28.
Nf4 Kf7 29. f3 exf3 30. Bxf3 Bb7 31. Ne6 Bf6 32. Nxc7 Rc8 33. Nb5 Rd8 34. Re6
Ba6 35. Rxb6 Bxb5 36. Rxb5 Rc8 37. Rb7+ Kf8 38. Be2 Bd4+ 39. Kf1 Be3 40. b4
axb4 41. axb4 f4 42. gxf4 Bxf4 43. h3 g5 44. c5 Kg8 45. d6 Rf8 46. Kg2 Be3 47.
Bf3 Rd8 48. Re7 Bf4 49. b5 Be3 50. b6 1-0

[Event "34.Festival - Magistrale"]
[Site "Robecchetto con Induno ITA"]
[Date "2022.12.28"]
[Round "4.7"]
[White "Brugo, Marco"]
[Black "Fassio, Luca"]
[Result "1-0"]
[WhiteElo "2021"]
[BlackElo "2010"]
[PlyCount "121"]
[EventDate "2022.12.26"]

1. d4 Nf6 2. c4 c5 3. d5 e6 4. Nc3 exd5 5. cxd5 d6 6. e4 g6 7. Nge2 Bg7 8. Ng3
O-O 9. Be2 a6 10. a4 Nbd7 11. O-O Re8 12. Bg5 h6 13. Be3 Ne5 14. h3 h5 15. Bg5
Qc7 16. f4 Nh7 17. Bh4 Nd7 18. e5 Ndf8 19. Nce4 dxe5 20. f5 Qb6 21. fxg6 fxg6
22. Qc2 Bd7 23. a5 Qb4 24. Bf6 Nxf6 25. Nxf6+ Bxf6 26. Rxf6 e4 27. Bc4 h4 28.
Nxe4 Bf5 29. Rxf5 gxf5 30. Nf6+ Kg7 31. Nxe8+ Rxe8 32. Qc3+ Qxc3 33. bxc3 Ng6
34. Rb1 Re7 35. d6 Rd7 36. Be6 Rxd6 37. Bxf5 Nf4 38. Rxb7+ Kf6 39. Rb6 Ke5 40.
Rxd6 Kxd6 41. Bc8 Ne2+ 42. Kf2 Nxc3 43. Bxa6 Kc6 44. Bd3 Nb5 45. Kf3 Nd6 46.
Kg4 c4 47. Bc2 Kb5 48. Kxh4 Kxa5 49. g4 Kb4 50. g5 Kc3 51. Bh7 Kd4 52. Kg4 Ke5
53. h4 c3 54. Bc2 Nc4 55. Kh5 Ne3 56. g6 Kf6 57. Kh6 Nf5+ 58. Bxf5 Kxf5 59. g7
c2 60. g8=Q c1=Q+ 61. Qg5+ 1-0

[Event "34.Festival - Magistrale"]
[Site "Robecchetto con Induno ITA"]
[Date "2022.12.28"]
[Round "4.8"]
[White "Maglioni, Leonardo"]
[Black "Volpi, Davide"]
[Result "1-0"]
[WhiteElo "1883"]
[BlackElo "1941"]
[PlyCount "49"]
[EventDate "2022.12.26"]

1. e4 c5 2. Nf3 Nc6 3. d4 cxd4 4. Nxd4 g6 5. c4 Nf6 6. Nc3 d6 7. Nc2 Bg7 8. Be2
O-O 9. O-O a5 10. Be3 Nd7 11. Qd2 Re8 12. Rab1 Nc5 13. f3 Ne6 14. Nd5 Nc5 15.
Rfd1 Be6 16. Bf1 f5 17. Qe1 Na6 18. Bb6 Qc8 19. Bf2 Bxd5 20. cxd5 Ncb8 21. Rdc1
Rf8 22. Nd4 Bxd4 23. Rxc8 Bxf2+ 24. Kxf2 Rxc8 25. exf5 1-0

[Event "34.Festival - Magistrale"]
[Site "Robecchetto con Induno ITA"]
[Date "2022.12.28"]
[Round "4.9"]
[White "Ranfagni, Stefano"]
[Black "Di, Chiara Mauro"]
[Result "1/2-1/2"]
[WhiteElo "1934"]
[BlackElo "1874"]
[PlyCount "45"]
[EventDate "2022.12.26"]

1. e4 c5 2. Nf3 Nc6 3. Bb5 g6 4. Bxc6 dxc6 5. O-O Bg7 6. Re1 Bg4 7. h3 Bxf3 8.
Qxf3 Nf6 9. d3 O-O 10. Nc3 Nd7 11. Qg3 e5 12. Be3 Qe7 13. Rf1 Rfe8 14. Kh1 Nf8
15. f4 exf4 16. Bxf4 Be5 17. Bxe5 Qxe5 18. Qxe5 Rxe5 19. Rf2 Rd8 20. Raf1 Re7
21. b3 Ne6 22. Ne2 Nd4 23. Nxd4 1/2-1/2

[Event "34.Festival - Magistrale"]
[Site "Robecchetto con Induno ITA"]
[Date "2022.12.28"]
[Round "4.10"]
[White "Ambrosini, Andrea"]
[Black "Elitropi, Giorgio"]
[Result "0-1"]
[WhiteElo "1827"]
[BlackElo "1924"]
[PlyCount "48"]
[EventDate "2022.12.26"]

1. e4 e6 2. d4 d5 3. Nd2 Nf6 4. Bd3 c5 5. e5 Nfd7 6. c3 Nc6 7. f4 cxd4 8. c4
Nc5 9. Bb1 dxc4 10. Nxc4 Qd5 11. Nd2 Qxg2 12. Qf3 Qxf3 13. Ngxf3 d3 14. a3 a5
15. b3 Be7 16. Bb2 b6 17. Nd4 Bb7 18. Rg1 O-O 19. Nxc6 Bxc6 20. Bd4 Rfd8 21.
Bxc5 Bxc5 22. Rg3 Bb5 23. Ne4 Rd4 24. Nxc5 d2+ 0-1

[Event "34.Festival - Magistrale"]
[Site "Robecchetto con Induno ITA"]
[Date "2022.12.28"]
[Round "4.11"]
[White "Barlocco, Carlo"]
[Black "Shatil, Or"]
[Result "0-1"]
[WhiteElo "1888"]
[BlackElo "1779"]
[PlyCount "106"]
[EventDate "2022.12.26"]

1. b3 Nf6 2. Bb2 g6 3. Nf3 Bg7 4. e3 c5 5. Be2 O-O 6. c4 Nc6 7. O-O d5 8. cxd5
Qxd5 9. Nc3 Qf5 10. d3 b6 11. a3 Bb7 12. Qc2 Rfd8 13. Rfd1 Rac8 14. Qb1 h6 15.
Ra2 g5 16. Ba1 g4 17. Nh4 Qh5 18. g3 Ne5 19. e4 Nh7 20. h3 Ng5 21. hxg4 Nxg4
22. Rf1 Nh3+ 23. Kh1 Nf4 24. Qd1 Nxe2 25. Qxe2 Bf6 26. Kg2 Ba6 27. Nd5 Rxd5 28.
exd5 Qxd5+ 29. Qf3 Qxf3+ 30. Kxf3 Nh2+ 31. Kg2 Nxf1 32. Bxf6 exf6 33. Kxf1
Bxd3+ 34. Kg2 b5 35. Kf3 c4 36. bxc4 bxc4 37. Ke3 Bh7 38. Ra1 c3 39. Ng2 c2 40.
Kd2 Rd8+ 41. Ke1 Rd3 42. Ne3 Rb3 43. Rc1 Rxa3 44. Kd2 Rd3+ 45. Ke2 Rd8 46. g4
Bd3+ 47. Kd2 Be4+ 48. Kc3 Rd3+ 49. Kb2 Rd2 50. Ra1 Rxf2 51. Rxa7 Re2 52. Ra3
Re1 53. Nxc2 Re2 0-1

[Event "34.Festival - Magistrale"]
[Site "Robecchetto con Induno ITA"]
[Date "2022.12.28"]
[Round "5.1"]
[White "Angelini, Marco"]
[Black "Mrdja, Milan"]
[Result "0-1"]
[WhiteElo "2212"]
[BlackElo "2146"]
[PlyCount "98"]
[EventDate "2022.12.26"]

1. g3 g6 2. Bg2 Bg7 3. c4 c5 4. Nc3 Nc6 5. Rb1 Nf6 6. a3 a5 7. d3 O-O 8. Bd2 d6
9. Nf3 Ne8 10. O-O Nc7 11. Ne1 Bd7 12. e3 Rb8 13. Qb3 b6 14. Nc2 Ne5 15. d4 a4
16. Qa2 Nc6 17. Nxa4 cxd4 18. exd4 Nxd4 19. Nxd4 Bxd4 20. Nc3 Re8 21. a4 Be6
22. Ne2 Bg7 23. Nf4 Bd7 24. b4 Ne6 25. a5 b5 26. cxb5 Nxf4 27. Bxf4 Bxb5 28.
Rfd1 Qd7 29. Be3 e6 30. Bf4 Bf8 31. a6 Rb6 32. Bb7 e5 33. Be3 Rxb7 34. axb7
Qxb7 35. Rbc1 Bc6 36. Qa7 Qb5 37. Qb6 Qxb6 38. Bxb6 Bf3 39. Rd3 Be2 40. Rd2 Bf3
41. Rd3 Be2 42. Rb3 Rb8 43. Bc7 Rb7 44. f3 f6 45. Kf2 Bb5 46. Ra3 d5 47. Ra8
Kg7 48. Ba5 Bc4 49. Rd1 Bd6 0-1

[Event "34.Festival - Magistrale"]
[Site "Robecchetto con Induno ITA"]
[Date "2022.12.28"]
[Round "5.2"]
[White "Morello, Alessio"]
[Black "Pegno, Mattia"]
[Result "0-1"]
[WhiteElo "1981"]
[BlackElo "2178"]
[PlyCount "90"]
[EventDate "2022.12.26"]

1. e4 e5 2. Nf3 Nc6 3. Bb5 Bc5 4. c3 Nf6 5. d3 d6 6. O-O O-O 7. Nbd2 a6 8. Ba4
b5 9. Bb3 Bb6 10. a4 Bb7 11. Re1 Ne7 12. Nf1 Ng6 13. Ng3 Qe7 14. h3 h6 15. d4
Rad8 16. axb5 axb5 17. Bc2 c5 18. d5 c4 19. Nf5 Ra8 20. Rb1 Bc8 21. Nh2 Qa7 22.
Rf1 Bxf5 23. exf5 Ne7 24. Ng4 Nexd5 25. Be4 Nxe4 26. Qxd5 Nxf2 27. Nxf2 Bxf2+
28. Rxf2 Qa2 29. Qe4 d5 30. Qc2 d4 31. cxd4 exd4 32. Bf4 d3 33. Qc1 Rfe8 34. f6
Re2 35. Rxe2 dxe2 36. fxg7 Rd8 37. Kh2 Rd1 38. Qxd1 exd1=Q 39. Rxd1 Qxb2 40.
Bxh6 Qf6 41. Bc1 Kxg7 42. Ba3 c3 43. Kh1 c2 44. Rc1 Qc3 45. Bd6 b4 0-1

[Event "34.Festival - Magistrale"]
[Site "Robecchetto con Induno ITA"]
[Date "2022.12.28"]
[Round "5.3"]
[White "Shatil, Shir"]
[Black "Kalosha, Zhiulien Oleksii"]
[Result "1/2-1/2"]
[WhiteElo "2051"]
[BlackElo "2011"]
[PlyCount "59"]
[EventDate "2022.12.26"]

1. d4 d5 2. c4 e6 3. Nc3 c6 4. e3 Nf6 5. Nf3 Nbd7 6. Qc2 Bd6 7. Bd3 O-O 8. O-O
dxc4 9. Bxc4 b5 10. Be2 Bb7 11. e4 e5 12. dxe5 Nxe5 13. Nd4 Neg4 14. g3 Bxg3
15. hxg3 Qxd4 16. Qd1 Qxd1 17. Rxd1 Rfd8 18. Bf4 Nh6 19. f3 Ne8 20. Kf2 f6 21.
Bxh6 gxh6 22. Rh1 Kg7 23. Ke3 Nd6 24. Rh5 Nf7 25. Bd1 Ne5 26. Be2 Rd6 27. Rah1
Nf7 28. Nd1 Re8 29. Nf2 Bc8 30. g4 1/2-1/2

[Event "34.Festival - Magistrale"]
[Site "Robecchetto con Induno ITA"]
[Date "2022.12.28"]
[Round "5.4"]
[White "Gonella, Daniele"]
[Black "Brugo, Marco"]
[Result "1/2-1/2"]
[WhiteElo "2084"]
[BlackElo "2021"]
[PlyCount "45"]
[EventDate "2022.12.26"]

1. d4 d5 2. c4 dxc4 3. Nf3 Nf6 4. e3 a6 5. a4 e6 6. Nbd2 c5 7. Nxc4 cxd4 8.
Qxd4 Bb4+ 9. Bd2 Bxd2+ 10. Qxd2 Qxd2+ 11. Nfxd2 Nc6 12. Rc1 Ke7 13. Nb6 Rb8 14.
Be2 Nd7 15. Ndc4 Nxb6 16. Nxb6 Rd8 17. Bf3 Bd7 18. Ke2 Ne5 19. Be4 Bc6 20. Bxc6
Nxc6 21. Rhd1 Rxd1 22. Rxd1 Rd8 23. Rxd8 1/2-1/2